Television Almosts Quiz Stats

Quiz Updated Mar 28, 2016

Challenge
Share
Tweet
Embed
Score 0/17 Timer 08:00
1 Play Today
% Correct
Doctor Dew
94.3%
American Idle
93.6%
The Knocking Dead
93.6%
The Wig & Bangs Theory
93.3%
Baking Unclad
91.8%
Cheerios
90.2%
I Loathe Lucy
90.1%
M*A*S*H*E*D
89.9%
White Callers
89.2%
% Correct
The Antique Griffin Show
88.8%
Game of Squash
88.8%
Fern Notice
88.3%
LOTS
87.4%
Downtown Abbey
83.9%
MADD: Men
83.8%
The Altos
83.5%
Modem Family
81.6%

You're not logged in!

Compare scores with friends on all Sporcle quizzes.
Join for Free
OR
Log In

You Might Also Like...

Show Comments

Extras

Top Quizzes Today


Score Distribution

Your Account Isn't Verified!

In order to create a playlist on Sporcle, you need to verify the email address you used during registration. Go to your Sporcle Settings to finish the process.

Report this User

Report this user for behavior that violates our Community Guidelines.

Details: